000 00541nam a22001697a 4500
999 _c181871
_d181871
005 20211007144846.0
010 _aEN230921
020 _a9789390866014
_c190.00
037 _bSahitya Akademi
245 _aSHE short stories by contemporary Indian women writers /
_cedited by Sanjukta Dasgupta [and] Vanita
260 _aNew Delhi
_bSahitya Akademi
_c2021
270 _aRabindra Bhavan, 35 Ferozshah Road
_bNew Delhi
_e110001
300 _axiv, 154p.
_c22cm(pbk)
700 _aDasgupta, Sanjukta
700 _aVanita
942 _2ddc
_cEN
_mSHE